| 000 | 00839nam a22002177a 4500 | ||
|---|---|---|---|
| 999 |
_c16421 _d16421 |
||
| 003 | AR-CdUCM | ||
| 008 | 190503b ||||| |||| 00| 0 spa d | ||
| 040 |
_aMUNICIPALIDAD PROVINCIAL DEL CUSCO _cBIBLIOTECA MUNICIPAL DEL CUSCO |
||
| 082 |
_a375.2 / _bB46 |
||
| 100 |
_aSachs, Benjamín M. _935855 |
||
| 245 |
_aAdministración y organización educacional : _bUn enfoque conductista / |
||
| 260 |
_aMéxico : _bEl Ateneo, _c1972. |
||
| 300 |
_a543 paginas ; _c22 cm. |
||
| 440 |
_aBiblioteca nuevas orientaciones a la educación _935856 |
||
| 505 | _aContenido :El escenario, las premisas y los conceptos tributarios --Aplicaciones practicas / | ||
| 650 |
_aEscuelas y colegias _935857 |
||
| 650 |
_aOrganización y administración _935858 |
||
| 650 |
_aOrganización escolar _95215 |
||
| 942 |
_2ddc _cLIBROS |
||
| 945 |
_arjall _d2019-05-03 |
||